000 01338cam a2200217 4500
001 ABS66143
008 021120n2002 000 0 eng u
035 _a(Sirsi) u120530
100 _aRedmond, J.
245 _aDo the best you can
260 _c2002
490 _aBuilding
_v267(8258) 8 November 2002, 5(1)
520 _aExamines the options open to adjudicators when there is no time to review the evidence. Argues that few adjudications fit the pattern orginally envisaged by Sir Michael Latham and the old habit of simply getting on with the case has continued. The result is often that many disputes are left over for negotiation at the final account. Outlines an option from "Balfour Beatty Construction Ltd v Lambeth LBC" which recommends that the adjudicator should decline to make a decision and resign in the case of parties not wishing to extend the time sufficiently. Recommends that the adjudicator should give each party a proper chance to explain its case and then make a decision.
590 _aABS
650 _aMANAGEMENT-DISPUTE AVOIDANCE, MANAGEMENT AND RESOLUTION-DISPUTE MANAGEMENT AND RESOLUTION-ALTERNATIVE DISPUTE RESOLUTION-ADJUDICATION
650 _aBALFOUR BEATTY CONSTRUCTION LTD V LAMBETH LBC
650 _aDISPUTE
650 _aARBITRATORS
690 _aDispute resolution
_96236
942 _n0
999 _c71607
_d71607